|
|
|
|
| LEADER |
01081nam a2200241 a 4500 |
| 001 |
20073 |
| 003 |
BD-DhAAL |
| 008 |
100607s2001 bg 000 0 ben d |
| 999 |
|
|
|c 8849
|d 8849
|
| 020 |
|
|
|c 9844590523
|
| 040 |
|
|
|a BD-DhAAL
|c BD-DhAAL
|
| 082 |
0 |
0 |
|a 378.54922
|
| 100 |
0 |
|
|a স্টক, এ. জি.
|9 49257
|
| 245 |
1 |
0 |
|a ঢাকা বিশ্ববিদ্যালয়ের স্মৃতি,
|n ১৯৪৭ -১৯৫১ /
|c এ. জি. স্টক ; অনুবাদ, মোবাশ্বেরা খানম.
|
| 260 |
|
|
|a ঢাকা :
|b সুবর্ণ,
|c ২০০১.
|
| 300 |
|
|
|a ২০৭ পৃষ্ঠা ;
|c ২২ সে.মি.
|
| 500 |
|
|
|a In Bengali.
|
| 541 |
1 |
|
|e 00020073
|
| 610 |
|
|
|a University of Dacca
|x History.
|9 49258
|
| 700 |
0 |
|
|a খানম, মোবাশ্বেরা.
|9 49259
|
| 852 |
4 |
|
|a Ayesha Abed Library
|c General Stacks
|
| 942 |
|
|
|2 ddc
|c BK
|
| 952 |
|
|
|0 0
|1 0
|2 ddc
|4 0
|6 378_549220000000000_STO
|7 0
|9 10778
|a BRACUL
|b BRACUL
|c GEN
|d 2010-06-09
|l 5
|m 42
|o 378.54922 STO
|p 3010020073
|q 2026-05-21
|r 2025-08-07
|s 2025-08-07
|t 1
|w 2010-06-09
|y BK
|